Informe macroeconómico y de política monetaria (Registro nro. 8505)
[ vista simple ]
| 000 -LEADER | |
|---|---|
| fixed length control field | 01574nas a2200277 454500 |
| 001 - CONTROL NUMBER | |
| control field | 18701 |
| 005 - DATE AND TIME OF LATEST TRANSACTION | |
| control field | 20260407193505.0 |
| 008 - FIXED-LENGTH DATA ELEMENTS--GENERAL INFORMATION | |
| fixed length control field | 260407s2012####ag###########|||spa#d |
| 003 - CONTROL NUMBER IDENTIFIER | |
| control field | AR-UNSa-BCEJYS |
| 040 ## - CATALOGING SOURCE | |
| Original cataloging agency | AR-UNSa-BCEJYS |
| Language of cataloging | spa |
| Transcribing agency | AR-UNSa-BCEJYS |
| 080 ## - UNIVERSAL DECIMAL CLASSIFICATION NUMBER | |
| Universal Decimal Classification number | 338 |
| Common auxiliary subdivision | Situación económica. Política económica. Gestión de la economía. Planificación de la economía. Producción. Servicios. Precios |
| 022 ## - INTERNATIONAL STANDARD SERIAL NUMBER | |
| International Standard Serial Number | 2313-948X |
| 100 1# - MAIN ENTRY--PERSONAL NAME | |
| Personal name | Banco Central de la República Argentina |
| 245 10 - TITLE STATEMENT | |
| Title | Informe macroeconómico y de política monetaria |
| 264 #1 - PRODUCTION, PUBLICATION, DISTRIBUTION, MANUFACTURE, AND COPYRIGHT NOTICE | |
| Place of production, publication, distribution, manufacture | Buenos Aires : |
| Name of producer, publisher, distributor, manufacturer | Banco Central de la República Argentina |
| Date of production, publication, distribution, manufacture, or copyright notice | 2012 |
| 310 ## - CURRENT PUBLICATION FREQUENCY | |
| Current publication frequency | Frecuencia: Irregular |
| 505 ## - FORMATTED CONTENTS NOTE | |
| Formatted contents note | El Informe Macroeconómico y de Política Monetaria brinda un análisis periódico de la evolución reciente del contexto internacional y de la economía argentina, analizando la evolución de la actividad económica, las condiciones socioeconómicas, el sector externo, las finanzas públicas, el mercado monetario y los precios. El informe da cuenta de las principales características de la política monetaria del BCRA. Asimismo, se analizan en apartados temas de particular relevancia internacional y nacional. |
| 590 ## - LOCAL NOTE (RLIN) | |
| Local note | niveau_biblio:s niveau_hierar:1 |
| 650 ## - SUBJECT ADDED ENTRY--TOPICAL TERM | |
| Topical term or geographic name entry element | BANCOS |
| 650 ## - SUBJECT ADDED ENTRY--TOPICAL TERM | |
| Topical term or geographic name entry element | Política monetaria |
| 650 ## - SUBJECT ADDED ENTRY--TOPICAL TERM | |
| Topical term or geographic name entry element | Política económica |
| 650 ## - SUBJECT ADDED ENTRY--TOPICAL TERM | |
| Topical term or geographic name entry element | ECONOMIA |
| 650 ## - SUBJECT ADDED ENTRY--TOPICAL TERM | |
| Topical term or geographic name entry element | INSTITUCIONES FINANCIERAS Y CREDITICIAS |
| 856 41 - ELECTRONIC LOCATION AND ACCESS | |
| Uniform Resource Identifier | <a href="https://biblioeco.unsa.edu.ar/pmb/images/revistas/Informe Macroecon?mico y de Pol?tica Monetaria.jpg">https://biblioeco.unsa.edu.ar/pmb/images/revistas/Informe Macroecon?mico y de Pol?tica Monetaria.jpg</a> |
| Link text | Imagen de portada |
| Electronic format type | image/jpeg |
| 942 ## - ADDED ENTRY ELEMENTS (KOHA) | |
| Koha item type | |
| Withdrawn status | Lost status | Damaged status | Not for loan | Home library | Current library | Shelving location | Date acquired | Serial enumeration / chronology | Total checkouts | Full call number | Barcode | Date last seen | Price effective from | Koha item type |
|---|---|---|---|---|---|---|---|---|---|---|---|---|---|---|
| Biblioteca Prof. Eusebio Cleto del Rey | Biblioteca Prof. Eusebio Cleto del Rey | 01/12/2015 | dic. 2015 | H338 INF 3.2015 | R18963 | 10/04/2026 | 10/04/2026 | Numero | ||||||
| Biblioteca Prof. Eusebio Cleto del Rey | Biblioteca Prof. Eusebio Cleto del Rey | 01/08/2015 | ago. 2015 | H338 INF 2.2015 | R18611 | 10/04/2026 | 10/04/2026 | Numero | ||||||
| Biblioteca Prof. Eusebio Cleto del Rey | Biblioteca Prof. Eusebio Cleto del Rey | 01/06/2015 | jun. 2015 | H338 INF 1.2015 | R17340 | 10/04/2026 | 10/04/2026 | Numero | ||||||
| Biblioteca Prof. Eusebio Cleto del Rey | Biblioteca Prof. Eusebio Cleto del Rey | 01/02/2014 | feb. 2014 | H338 INF 1.2014 | R11294 | 10/04/2026 | 10/04/2026 | Numero | ||||||
| Biblioteca Prof. Eusebio Cleto del Rey | Biblioteca Prof. Eusebio Cleto del Rey | 01/10/2013 | oct. 2013 | H338 INF 3.2013 | R11486 | 10/04/2026 | 10/04/2026 | Numero | ||||||
| Biblioteca Prof. Eusebio Cleto del Rey | Biblioteca Prof. Eusebio Cleto del Rey | 01/07/2013 | jul. 2013 | H338 INF 2.2013 | R11485 | 10/04/2026 | 10/04/2026 | Numero | ||||||
| Biblioteca Prof. Eusebio Cleto del Rey | Biblioteca Prof. Eusebio Cleto del Rey | 01/04/2013 | abr. 2013 | H338 INF 1.2013 | R11484 | 10/04/2026 | 10/04/2026 | Numero | ||||||
| Biblioteca Prof. Eusebio Cleto del Rey | Biblioteca Prof. Eusebio Cleto del Rey | 01/12/2012 | dic. 2012 | H338 INF 2.2012 | R08727 | 10/04/2026 | 10/04/2026 | Numero | ||||||
| Biblioteca Prof. Eusebio Cleto del Rey | Biblioteca Prof. Eusebio Cleto del Rey | 01/07/2012 | jul. 2012 | H338 INF 1.2012 | R08738 | 10/04/2026 | 10/04/2026 | Numero |